| 000 | 00462nam a22001817a 4500 | ||
|---|---|---|---|
| 999 |
_c532039 _d532039 |
||
| 003 | NUST | ||
| 005 | 20191107094658.0 | ||
| 008 | 191107b ||||| |||| 00| 0 eng d | ||
| 020 | _a8131732495 | ||
| 024 | _a9788131732496 | ||
| 038 | _aMSOHAIL | ||
| 082 | _a0 | ||
| 100 |
_aKumar Neeraj Jha _925310 |
||
| 245 |
_aConstruction Project Management: _bTheory and Practice |
||
| 260 |
_aIndia, _bPearson Education _c2011 |
||
| 300 | _ap;658 | ||
| 942 |
_2ddc _cBK |
||